Let evening come : (Record no. 186771)

000 -LEADER
fixed length control field 00473 a2200193 4500
003 - CONTROL NUMBER IDENTIFIER
control field Nust
005 - DATE AND TIME OF LATEST TRANSACTION
control field 20230124085836.0
010 ## - LIBRARY OF CONGRESS CONTROL NUMBER
LC control number 89077979
020 ## - INTERNATIONAL STANDARD BOOK NUMBER
International Standard Book Number 155597130X :
020 ## - INTERNATIONAL STANDARD BOOK NUMBER
International Standard Book Number 1555971318 (pbk.) :
040 ## - CATALOGING SOURCE
Transcribing agency Nust
082 00 - DEWEY DECIMAL CLASSIFICATION NUMBER
Classification number 811,KEN
100 1# - MAIN ENTRY--PERSONAL NAME
Personal name Kenyon, Jane.
9 (RLIN) 107469
245 10 - TITLE STATEMENT
Title Let evening come :
Remainder of title poems /
Statement of responsibility, etc. Jane Kenyon.
260 ## - PUBLICATION, DISTRIBUTION, ETC.
Place of publication, distribution, etc. Saint Paul :
Name of publisher, distributor, etc. Graywolf Press,
Date of publication, distribution, etc. 1990.
300 ## - PHYSICAL DESCRIPTION
Extent 70 p. ; 24 cm.
650 ## - SUBJECT ADDED ENTRY--TOPICAL TERM
Topical term or geographic name entry element Poems
9 (RLIN) 1446
942 ## - ADDED ENTRY ELEMENTS (KOHA)
Source of classification or shelving scheme
Koha item type Book
Holdings
Withdrawn status Lost status Source of classification or shelving scheme Damaged status Not for loan Permanent Location Current Location Shelving location Date acquired Full call number Barcode Date last seen Price effective from Koha item type Public note
          Military College of Signals (MCS) Military College of Signals (MCS) General Stacks 12/12/2016 811,KEN MCS3290 12/08/2016 12/12/2016 Book Almirah No.57, Shelf No.4
© 2023 Central Library, National University of Sciences and Technology. All Rights Reserved.